[Event "Amsterdam Science Park op-A"]
[Site "Amsterdam"]
[Date "2022.07.18"]
[Round "1"]
[White "Tan, Kevin"]
[Black "Straat, Evert Jan"]
[Result "1-0"]
[WhiteElo "2209"]
[BlackElo "1992"]
[PlyCount "57"]
[EventDate "2022.07.18"]
[EventType "swiss"]
[EventRounds "7"]
[EventCountry "NED"]
[SourceTitle "CBM 209 Extra"]
[Source "ChessBase"]
[SourceDate "2022.09.30"]
[SourceVersion "1"]
[SourceVersionDate "2022.09.30"]
[SourceQuality "1"]

1. d4 d5 2. c4 e6 3. Nf3 Nf6 4. Bf4 c5 5. Nc3 a6 6. Rc1 Nc6 7. e3 cxd4 8. Nxd4 Qb6 9. Nb3 Bb4 10. a3 Be7 11. c5 Qd8 12. Bd3 e5 13. Bg3 Be6 14. 0-0 0-0 15. Bc2 b6 16. cxb6 Qxb6 17. Na4 Qb5 18. Nac5 Bg4 19. f3 Bh5 20. Bd3 Qb6 21. Na4 Qb7 22. Nbc5 Bxc5 23. Nxc5 Qb6 24. b4 Bg6 25. Be2 Rfd8 26. Bf2 d4 27. e4 Nd7 28. Qa4 Nxc5 29. Rxc5 1-0

[Event "Australian op"]
[Site "Manly Sydney"]
[Date "2009.01.02"]
[Round "1"]
[White "Tan, Kevin"]
[Black "Davis, Tony J"]
[Result "0-1"]
[WhiteElo "2252"]
[BlackElo "1967"]
[PlyCount "46"]
[EventDate "2009.01.02"]
[EventType "swiss"]
[EventRounds "11"]
[EventCountry "AUS"]
[SourceTitle "CBM 128 Extra"]
[Source "ChessBase"]
[SourceDate "2009.03.05"]
[SourceVersion "2"]
[SourceVersionDate "2009.03.25"]
[SourceQuality "1"]

1. c4 b6 2. d4 e6 3. e4 Bb7 4. Nc3 Bb4 5. Qc2 Qh4 6. Bd3 f5 7. g3 Qh5 8. Be2 Qf7 9. Bf3 fxe4 10. Bxe4 Bxe4 11. Qxe4 Nc6 12. Bf4 Nf6 13. Qd3 0-0 14. Nge2 d6 15. 0-0-0 e5 16. Be3 exd4 17. Bxd4 Nxd4 18. Nxd4 Ng4 19. Ne4 Ne5 20. Qe2 Qxc4+ 21. Qxc4+ Nxc4 22. Ne6 Rf7 23. a3 Nxa3 0-1

[Event "Liechtenstein op 24th"]
[Site "Triesen"]
[Date "2006.05.27"]
[Round "9"]
[White "Kelecevic, Nedeljko"]
[Black "Tan, Kevin"]
[Result "1/2-1/2"]
[WhiteElo "2359"]
[BlackElo "2275"]
[PlyCount "137"]
[EventDate "2006.05.19"]
[EventType "swiss"]
[EventRounds "9"]
[EventCountry "LIE"]
[SourceTitle "CBM 112 Extra"]
[Source "ChessBase"]
[SourceDate "2006.07.14"]
[SourceVersion "1"]
[SourceVersionDate "2006.07.14"]
[SourceQuality "1"]

1. d4 Nf6 2. c4 g6 3. Nc3 Bg7 4. e4 d6 5. f3 0-0 6. Bg5 c5 7. d5 e6 8. Qd2 exd5 9. cxd5 Nbd7 10. Nh3 Re8 11. Nf2 Ne5 12. Be2 a6 13. a4 b6 14. 0-0 Qc7 15. Rac1 Qa7 16. Kh1 Rb8 17. b3 Rb7 18. Bxf6 Bxf6 19. f4 Nd7 20. e5 Be7 21. Nfe4 f5 22. exd6 Bf8 23. Ng5 Bxd6 24. g4 Nf8 25. Ne6 Nxe6 26. dxe6 Bf8 27. gxf5 gxf5 28. Bc4 Kh8 29. Rce1 Bg7 30. Ne2 Rbe7 31. h3 Bxe6 32. Bxe6 Rxe6 33. Ng3 Qf7 34. Qd5 Qg6 35. Rxe6 Qxe6 36. Qxe6 Rxe6 37. Nxf5 Rf6 38. Nxg7 Kxg7 39. Kg2 Rd6 40. Rf3 Rd2+ 41. Kg3 Kf6 42. Re3 Rd1 43. Kf3 Rf1+ 44. Ke4 Ke6 45. Kd3+ Kf5 46. Re5+ Kxf4 47. Re6 Rf3+ 48. Kc2 Rxh3 49. Rxb6 Ke5 50. Rxa6 Kd5 51. Ra8 Rh2+ 52. Kc3 Rh3+ 53. Kb2 Kc6 54. Rc8+ Kb6 55. Rb8+ Kc7 56. Rf8 Kb6 57. Rf4 Kc6 58. Ka3 Rh1 59. Rf5 Kb7 60. Kb2 h5 61. Kc3 h4 62. Kc4 h3 63. Kb5 c4 64. Rf7+ Kc8 65. Kc6 Kb8 66. Rf8+ Ka7 67. Rf7+ Kb8 68. Rf8+ Ka7 69. Rf7+ 1/2-1/2

[Event "Liechtenstein op 24th"]
[Site "Triesen"]
[Date "2006.05.22"]
[Round "4"]
[White "Tan, Kevin"]
[Black "Schebler, Gerhard"]
[Result "1/2-1/2"]
[WhiteElo "2275"]
[BlackElo "2471"]
[PlyCount "131"]
[EventDate "2006.05.19"]
[EventType "swiss"]
[EventRounds "9"]
[EventCountry "LIE"]
[SourceTitle "CBM 112 Extra"]
[Source "ChessBase"]
[SourceDate "2006.07.14"]
[SourceVersion "1"]
[SourceVersionDate "2006.07.14"]
[SourceQuality "1"]

1. e4 c6 2. d4 d5 3. exd5 cxd5 4. c4 Nf6 5. Nc3 Nc6 6. Nf3 Bg4 7. cxd5 Nxd5 8. Qb3 Bxf3 9. gxf3 Nb6 10. d5 Nd4 11. Qd1 e5 12. dxe6 Bc5 13. Be3 Nxe6 14. Bb5+ Kf8 15. 0-0 a6 16. Be2 Qe7 17. Ne4 Bxe3 18. fxe3 Nc5 19. Qd4 Nxe4 20. Qxb6 Nc5 21. Kh1 h5 22. Rac1 Ne6 23. Rfd1 Rh6 24. Qd6 Rd8 25. Qe5 Re8 26. Rc3 Qh4 27. Rg1 Qf2 28. Rc2 Rf6 29. Rf1 Qh4 30. Rc4 Qh3 31. Qg3 Qf5 32. Rg1 Rd8 33. Qh4 Qe5 34. Re4 Qxb2 35. Bc4 Rd6 36. Bxe6 Rdxe6 37. Rxe6 Rxe6 38. Qxh5 g6 39. Qc5+ Kg7 40. Qd4+ Qxd4 41. exd4 Re2 42. Rb1 b5 43. a4 bxa4 44. Ra1 Re3 45. Rxa4 Rxf3 46. Rxa6 Rf2 47. Kg1 Rd2 48. Rd6 Kf8 49. Rd5 Ke7 50. h4 Ke6 51. Re5+ Kf6 52. Rd5 Ke6 53. Re5+ Kd6 54. h5 Rxd4 55. Rg5 gxh5 56. Rxh5 Rd2 57. Ra5 Ke6 58. Kf1 Kf6 59. Rb5 Kg6 60. Ra5 f6 61. Rb5 Ra2 62. Rc5 f5 63. Rc4 Kg5 64. Rb4 f4 65. Rb5+ Kg4 66. Rb3 1/2-1/2

[Event "Liechtenstein op 24th"]
[Site "Triesen"]
[Date "2006.05.21"]
[Round "3"]
[White "Heyl, Thomas"]
[Black "Tan, Kevin"]
[Result "0-1"]
[WhiteElo "2083"]
[BlackElo "2275"]
[PlyCount "58"]
[EventDate "2006.05.19"]
[EventType "swiss"]
[EventRounds "9"]
[EventCountry "LIE"]
[SourceTitle "CBM 112 Extra"]
[Source "ChessBase"]
[SourceDate "2006.07.14"]
[SourceVersion "1"]
[SourceVersionDate "2006.07.14"]
[SourceQuality "1"]

1. Nf3 Nf6 2. d4 g6 3. b3 Bg7 4. Bb2 d5 5. e3 Bf5 6. Be2 0-0 7. 0-0 Ne4 8. c4 c6 9. Nc3 Nxc3 10. Bxc3 Nd7 11. Ne5 Nxe5 12. dxe5 dxc4 13. Bxc4 Qxd1 14. Rfxd1 Rfd8 15. Rac1 Bh6 16. Kf1 e6 17. Bb4 Bf8 18. Bxf8 Kxf8 19. f3 g5 20. Ke2 Ke7 21. Rxd8 Rxd8 22. Rd1 b5 23. Rxd8 Kxd8 24. Bd3 Bxd3+ 25. Kxd3 c5 26. h3 h5 27. g4 hxg4 28. hxg4 Kc7 29. e4 b4 0-1

[Event "Corus 4-A"]
[Site "Wijk aan Zee"]
[Date "2005.??.??"]
[Round "8"]
[White "Atakisi, Umut"]
[Black "Tan, Kevin"]
[Result "1/2-1/2"]
[WhiteElo "2370"]
[BlackElo "2240"]
[PlyCount "147"]
[EventDate "2005.01.15"]
[EventType "tourn"]
[EventRounds "9"]
[EventCountry "NED"]
[EventCategory "1"]
[SourceTitle "EXT 2007"]
[Source "ChessBase"]
[SourceDate "2006.11.23"]
[SourceVersion "1"]
[SourceVersionDate "2006.11.23"]
[SourceQuality "1"]

1. e4 c5 2. Nf3 d6 3. d4 cxd4 4. Nxd4 Nf6 5. Nc3 g6 6. Be3 Bg7 7. f3 Nc6 8. Qd2 0-0 9. 0-0-0 d5 10. exd5 Nxd5 11. Nxc6 bxc6 12. Bd4 e5 13. Bc5 Be6 14. Ne4 Re8 15. h4 h6 16. g4 Qc7 17. g5 h5 18. Bc4 Red8 19. Qe1 Rd7 20. Rh2 Rad8 21. Bb3 Nf4 22. Rxd7 Rxd7 23. Rd2 Bxb3 24. axb3 Qa5 25. Kb1 Rd5 26. b4 Qa6 27. b3 Ne6 28. c4 Rxd2 29. Qxd2 Nxc5 30. Qd8+ Kh7 31. bxc5 Qa3 32. Qb8 a5 33. Qb7 Kg8 34. Qb8+ Kh7 35. Qb7 Kg8 36. Kc2 Qa2+ 37. Kd3 Qb1+ 38. Ke2 Qc2+ 39. Kf1 Qd1+ 40. Kf2 Qc2+ 41. Kg3 Qd1 42. Qb8+ Kh7 43. Kg2 Qe2+ 44. Nf2 e4 45. fxe4 Bd4 46. Qf4 Kg8 47. Qb8+ Kg7 48. Qf4 Bxf2 49. Qxf2 Qxe4+ 50. Kh2 Qe5+ 51. Kg2 Qc3 52. Kh2 Qe5+ 53. Kg2 Kf8 54. Qd2 Qe4+ 55. Kg1 Qg4+ 56. Kf1 Qf3+ 57. Kg1 Qg3+ 58. Kf1 Qxb3 59. Qd6+ Kg7 60. Qxc6 Qxc4+ 61. Kg2 Qc2+ 62. Kg3 Qb3+ 63. Kf4 a4 64. Qd6 Qb2 65. Qa6 a3 66. c6 a2 67. c7 a1Q 68. Qxa1 Qxa1 69. c8Q Qg1 70. Qc3+ Kh7 71. Ke5 Qg4 72. Qd4 Qxd4+ 73. Kxd4 Kg7 74. Ke3 1/2-1/2

[Event "Corus 4-A"]
[Site "Wijk aan Zee"]
[Date "2005.??.??"]
[Round "3"]
[White "De Jong, Jan Willem"]
[Black "Tan, Kevin"]
[Result "1/2-1/2"]
[WhiteElo "2335"]
[BlackElo "2240"]
[PlyCount "100"]
[EventDate "2005.01.15"]
[EventType "tourn"]
[EventRounds "9"]
[EventCountry "NED"]
[EventCategory "1"]
[SourceTitle "EXT 2007"]
[Source "ChessBase"]
[SourceDate "2006.11.23"]
[SourceVersion "1"]
[SourceVersionDate "2006.11.23"]
[SourceQuality "1"]

1. d4 Nf6 2. c4 g6 3. Nc3 Bg7 4. e4 d6 5. f4 0-0 6. Nf3 c5 7. d5 e6 8. Be2 exd5 9. cxd5 Re8 10. Nd2 Na6 11. 0-0 Nc7 12. a4 a6 13. a5 Nb5 14. Bf3 Bd7 15. e5 dxe5 16. fxe5 Rxe5 17. Nc4 Rf5 18. Nb6 Rb8 19. g4 Rxf3 20. Qxf3 Nd4 21. Qg3 Bxg4 22. Bf4 Nf5 23. Qe1 Bh6 24. Qe5 Bxf4 25. Rxf4 Bh3 26. Re4 Nh5 27. Kh1 Qd6 28. Qxd6 Nxd6 29. Rh4 Bf5 30. Nc4 Rd8 31. Nxd6 Rxd6 32. Rc4 Nf6 33. Rd1 Nd7 34. Kg1 b5 35. axb6 Rxb6 36. Rd2 Ne5 37. Rf4 Rb4 38. Rff2 Rg4+ 39. Kh1 Rd4 40. Rde2 Ng4 41. Rf1 Nf6 42. Re5 Kg7 43. Rd1 Rxd1+ 44. Nxd1 Nxd5 45. Kg1 Be6 46. Nc3 Nxc3 47. bxc3 c4 48. Ra5 Kf6 49. Kf2 g5 50. Kf3 Bf5 1/2-1/2

[Event "Arctic Cup U16"]
[Site "Salekhard"]
[Date "2003.10.09"]
[Round "6"]
[White "Vyatkin, Dmitry"]
[Black "Tan, Kevin"]
[Result "1-0"]
[WhiteElo "2116"]
[BlackElo "2294"]
[PlyCount "59"]
[EventDate "2003.10.05"]
[EventType "team"]
[EventRounds "9"]
[EventCountry "RUS"]
[SourceTitle "CBM 096 Extra"]
[Source "ChessBase"]
[SourceDate "2003.10.22"]
[SourceVersion "2"]
[SourceVersionDate "2003.10.20"]
[SourceQuality "1"]

1. c4 g6 2. Nc3 Bg7 3. g3 c5 4. Bg2 Nc6 5. Nf3 b6 6. 0-0 Bb7 7. b3 Nh6 8. Bb2 0-0 9. Na4 Bxb2 10. Nxb2 Rb8 11. d4 Nxd4 12. Nxd4 Bxg2 13. Kxg2 cxd4 14. Qxd4 d6 15. Rfd1 Qc7 16. Rac1 Qc5 17. Qf4 Nf5 18. Na4 Qa3 19. Nc3 Qb2 20. Qe4 Rfe8 21. Rc2 Qa3 22. Nd5 Rbc8 23. Kg1 Kf8 24. Qf4 b5 25. g4 Ng7 26. Qh6 f6 27. Qxh7 g5 28. Qg6 bxc4 29. Rc3 cxb3 30. Rh3 1-0

[Event "Arctic Cup U16"]
[Site "Salekhard"]
[Date "2003.10.07"]
[Round "4"]
[White "Lysyj, Igor"]
[Black "Tan, Kevin"]
[Result "1-0"]
[WhiteElo "2470"]
[BlackElo "2294"]
[PlyCount "79"]
[EventDate "2003.10.05"]
[EventType "team"]
[EventRounds "9"]
[EventCountry "RUS"]
[SourceTitle "CBM 096 Extra"]
[Source "ChessBase"]
[SourceDate "2003.10.22"]
[SourceVersion "2"]
[SourceVersionDate "2003.10.20"]
[SourceQuality "1"]

1. d4 Nf6 2. Nf3 g6 3. g3 Bg7 4. Bg2 0-0 5. 0-0 d6 6. b3 c5 7. c4 Nc6 8. Bb2 Bg4 9. d5 Na5 10. Nbd2 a6 11. Ne1 b5 12. h3 Bd7 13. Nd3 Rb8 14. e4 bxc4 15. bxc4 e5 16. Bc3 Nh5 17. Kh2 f5 18. exf5 Bxf5 19. Nc1 Bd7 20. Ncb3 Nb7 21. Ne4 Nf6 22. Nbd2 a5 23. Nxf6+ Bxf6 24. Ne4 a4 25. Rb1 Qc7 26. f4 Bf5 27. Nxf6+ Rxf6 28. fxe5 dxe5 29. Qxa4 Rbf8 30. Rbe1 Bd7 31. Bxe5 Qc8 32. Qd1 Rf2 33. Rxf2 Rxf2 34. g4 Rxa2 35. Qb3 Qa8 36. Bb2 Nd6 37. Qc3 Rxb2 38. Qxb2 Nxc4 39. Qc3 Qa2 40. Re7 1-0

[Event "NED-ch U20"]
[Site "Schagen"]
[Date "2003.04.28"]
[Round "4"]
[White "Plukkel, Sjoerd"]
[Black "Tan, Kevin"]
[Result "0-1"]
[WhiteElo "2170"]
[BlackElo "2222"]
[PlyCount "110"]
[EventDate "2003.04.25"]
[EventType "swiss"]
[EventRounds "9"]
[EventCountry "NED"]
[SourceTitle "EXT 2005"]
[Source "ChessBase"]
[SourceDate "2004.11.15"]
[SourceVersion "1"]
[SourceVersionDate "2004.11.15"]
[SourceQuality "1"]

1. e4 c5 2. Nf3 d6 3. Nc3 Nf6 4. d4 cxd4 5. Nxd4 g6 6. Be3 Bg7 7. f3 Nc6 8. Qd2 Bd7 9. 0-0-0 Rc8 10. g4 h5 11. g5 Nh7 12. f4 0-0 13. Rg1 Bg4 14. Re1 Qa5 15. Nb3 Bxc3 16. Nxa5 Bxd2+ 17. Bxd2 Nd4 18. Bd3 b6 19. Nc4 Nf3 20. Ne3 Bd7 21. Nd5 Rfe8 22. Ba6 Rb8 23. Bb4 Bc6 24. c4 Kf8 25. Rgf1 Nxe1 26. Rxe1 Bb7 27. Bxb7 Rxb7 28. b3 Kg8 29. Kb2 e6 30. Nc3 Rd7 31. Rd1 Red8 32. Nb5 d5 33. cxd5 exd5 34. e5 Nf8 35. Bxf8 Kxf8 36. Nd6 Rxd6 37. exd6 Rxd6 38. Kc3 Ke7 39. Kd4 Re6 40. Rd2 Kd6 41. Kd3 Re4 42. Rf2 Ke6 43. Rc2 Rxf4 44. Rc7 Rh4 45. Rxa7 Rxh2 46. Ra6 Kf5 47. a4 Kxg5 48. Rxb6 Ra2 49. Rb7 f5 50. Ra7 h4 51. Kd4 h3 52. Kxd5 h2 53. Rh7 Kf4 54. b4 Kg3 55. b5 Rxa4 0-1

[Event "NED-chT 0203"]
[Site "Netherlands"]
[Date "2003.04.12"]
[Round "8.5"]
[White "Delemarre, Jop"]
[Black "Tan, Kevin"]
[Result "1-0"]
[WhiteElo "2418"]
[BlackElo "2222"]
[PlyCount "65"]
[EventDate "2002.09.28"]
[EventType "team-tourn"]
[EventRounds "9"]
[EventCountry "NED"]
[SourceTitle "EXT 2015"]
[Source "ChessBase"]
[SourceDate "2014.11.20"]
[SourceVersion "1"]
[SourceVersionDate "2014.11.20"]
[SourceQuality "1"]
[WhiteTeam "Breda ZZICT"]
[BlackTeam "Amstelveen Zukertort"]
[WhiteTeamCountry "NED"]
[BlackTeamCountry "NED"]

1. d4 Nf6 2. c4 g6 3. Nc3 Bg7 4. e4 d6 5. h3 0-0 6. Bg5 h6 7. Be3 e5 8. d5 Ne8 9. Qd2 Kh7 10. g4 Nd7 11. h4 a5 12. h5 gxh5 13. g5 hxg5 14. Rxh5+ Kg8 15. Rxg5 Ndf6 16. Be2 Nh7 17. Rg3 f5 18. exf5 Bxf5 19. Nf3 Nef6 20. Nh4 Nh5 21. Nxf5 Rxf5 22. Bxh5 Rxh5 23. Bh6 Rh1+ 24. Ke2 Rxa1 25. Rxg7+ Kh8 26. Qd3 e4 27. Qd4 Nf6 28. Rf7 Rg1 29. Rxf6 Kg8 30. Rf8+ Qxf8 31. Bxf8 Rxf8 32. Qa7 Rg4 33. b3 1-0

[Event "Hallsberg op U18 38th"]
[Site "Hallsberg"]
[Date "2002.12.31"]
[Round "4"]
[White "Tan, Kevin"]
[Black "Vernacki, Srdjan"]
[Result "1/2-1/2"]
[WhiteElo "2222"]
[BlackElo "2063"]
[PlyCount "72"]
[EventDate "2002.12.28"]
[EventType "swiss"]
[EventRounds "9"]
[EventCountry "SWE"]
[SourceTitle "CBM 091 Extra"]
[Source "ChessBase"]
[SourceDate "2003.01.09"]
[SourceVersion "1"]
[SourceVersionDate "2003.01.09"]
[SourceQuality "1"]

1. e4 c5 2. Nf3 e6 3. d4 cxd4 4. Nxd4 Nf6 5. Nc3 d6 6. Be2 Be7 7. 0-0 0-0 8. f4 Nc6 9. Be3 a6 10. a4 Qc7 11. Qe1 Re8 12. Qf2 Bd7 13. Nb3 Rac8 14. Rad1 Qb8 15. g4 Nb4 16. g5 Rxc3 17. gxf6 Rxe3 18. Qxe3 Bxf6 19. c3 Nc2 20. Qf2 Bxa4 21. Na1 Nxa1 22. Rxa1 Bc6 23. Bf3 Qc7 24. Rfd1 h6 25. Kh1 a5 26. Qa7 a4 27. Bg2 Rc8 28. Rd2 Re8 29. Rad1 Be7 30. c4 Rc8 31. f5 exf5 32. exf5 Bxg2+ 33. Rxg2 Qc6 34. Rd5 Qxc4 35. Rd1 Rc7 36. Re1 Qc6 1/2-1/2

[Event "Hallsberg op U18 38th"]
[Site "Hallsberg"]
[Date "2002.12.30"]
[Round "3"]
[White "Tikkanen, Hans"]
[Black "Tan, Kevin"]
[Result "1-0"]
[WhiteElo "2313"]
[BlackElo "2222"]
[PlyCount "147"]
[EventDate "2002.12.28"]
[EventType "swiss"]
[EventRounds "9"]
[EventCountry "SWE"]
[SourceTitle "CBM 091 Extra"]
[Source "ChessBase"]
[SourceDate "2003.01.09"]
[SourceVersion "1"]
[SourceVersionDate "2003.01.09"]
[SourceQuality "1"]

1. d4 Nf6 2. c4 g6 3. Nc3 Bg7 4. e4 d6 5. f4 0-0 6. Nf3 c5 7. d5 b5 8. cxb5 a6 9. b6 Qxb6 10. Nd2 Qc7 11. Nc4 Nbd7 12. a4 Bb7 13. Be2 Nb6 14. Ne3 e6 15. a5 Nc8 16. 0-0 exd5 17. exd5 Qe7 18. Bf3 Na7 19. Re1 Rfe8 20. Bd2 Qc7 21. Qa4 Bc8 22. Nc4 Bd7 23. Qc2 Nb5 24. Nb6 Rxe1+ 25. Rxe1 Re8 26. Qd3 Rxe1+ 27. Bxe1 Nxc3 28. bxc3 Bb5 29. c4 Bd7 30. Qe2 Kf8 31. Bc3 Ne8 32. Qb2 Bxc3 33. Qxc3 Ng7 34. g4 Qd8 35. Qb2 Be8 36. g5 Qe7 37. Kf2 Kg8 38. Qe2 Qxe2+ 39. Kxe2 Nf5 40. Kd3 Kf8 41. Bg4 Ke7 42. Ke4 f6 43. Bxf5 gxf5+ 44. Kxf5 Bg6+ 45. Kg4 f5+ 46. Kh4 Kd8 47. Na4 Ke7 48. Nc3 Kf8 49. Nb5 Ke7 50. Nc7 Kd8 51. Ne6+ Kd7 52. Ng7 Ke7 53. Nh5 Be8 54. Nf6 Bf7 55. Nxh7 Bxd5 56. cxd5 c4 57. g6 c3 58. Ng5 c2 59. g7 c1Q 60. g8Q Qxf4+ 61. Kh5 Qxh2+ 62. Kg6 Qg3 63. Qf7+ Kd8 64. Qf8+ Kc7 65. Qe7+ Kc8 66. Qe8+ Kc7 67. Qc6+ Kd8 68. Qxa6 f4 69. Qxd6+ Kc8 70. Qc6+ Kd8 71. d6 Qd3+ 72. Ne4 f3 73. Qc7+ Ke8 74. Qe7# 1-0